| 000 | 00493cam a2200217ua 4500 | ||
|---|---|---|---|
| 001 | 6029 | ||
| 005 | 20260515113953.0 | ||
| 008 | 131031n ii |||gr||||Z||||||eng | ||
| 020 | _a978-81-237-4935-8 | ||
| 040 | _cMAIN | ||
| 082 | _a954.031 | ||
| 100 |
_aJoshi,P C , _eEditor. |
||
| 245 |
_aRebellion _b1857 |
||
| 250 | _a1st ed. | ||
| 260 |
_aNew Delhi: _bNational Book Trust, _c2007. |
||
| 300 | _aix,379p. | ||
| 653 | _aHistory | ||
| 653 | _aRebellion | ||
| 653 | _a1857 | ||
| 942 | _cBK | ||
| 999 |
_c5177 _d5177 |
||